[Event "21st Dubai Open 2019"]
[Site "Dubai"]
[Date "2019.04.03"]
[Round "3.1"]
[White "Matlakov, Maxim"]
[Black "Visakh N R"]
[Result "1-0"]
[WhiteElo "2692"]
[BlackElo "2509"]
[Annotator "TA"]
[PlyCount "107"]
[EventDate "2019.04.01"]
[EventType "swiss"]
[EventCountry "UAE"]
[SourceTitle "playchess.com"]
[Source "ChessBase"]
[SourceQuality "1"]

{[%evp 21,107,47,39,46,58,57,52,51,59,42,53,40,61,56,56,61,72,68,64,59,75,68,108,108,104,93,103,100,106,100,97,78,79,79,78,55,69,72,80,77,79,87,79,78,98,90,88,86,88,81,65,63,114,127,121,125,119,110,133,99,161,121,138,124,187,187,169,133,134,132,183,134,1188,1044,1232,1058,1188,1601,2014,1898,2198,1729,29974,29975,29974,29976,29976,29977]} 1. c4 e6 2. Nc3 d5 3. d4 Be7 4. cxd5 exd5 5. Bf4 Nf6 6. e3 O-O 7. Bd3 c5 8. Nge2 Nc6 {D35: Queen's Gambit Declined: Exchange Variation} 9. O-O Be6 10. dxc5 Bxc5 11. Rc1 Bd6 {LiveBook: 7 Games} 12. h3 Re8 $146 ({Predecessor:} 12... Rc8 13. Bxd6 Qxd6 14. Nd4 Nxd4 15. exd4 Rfe8 16. Qd2 Bd7 17. Rfe1 h6 18. Rxe8+ Rxe8 {½-½ (30) Turov,M (2658)-Grachev,B (2705) Tashkent 2012}) 13. Bxd6 Qxd6 14. Nb5 Qd8 15. Nbd4 Qb6 16. Qb3 Nxd4 17. Nxd4 Qxb3 18. axb3 Kf8 19. Rc7 Re7 20. Rfc1 Rd8 21. b4 a6 22. b5 {aiming for Rxe7.} axb5 23. Bxb5 Ne8 24. Bxe8 Kxe8 25. R7c5 h5 26. f4 g6 27. Kf2 Rd6 28. Kf3 Bd7 29. R1c3 Rb6 30. b3 Rd6 31. Ra5 {Black must now prevent Ra8+.} Kf8 32. Rcc5 Bc6 33. b4 Re8 34. Ra7 {Strongly threatening b5.} Rb8 35. Ke2 Be8 36. Kd3 Bc6 (36... Ra6 $14 37. Rxa6 bxa6) 37. b5 $16 Be8 38. Kc3 Rd7 39. Kb4 Re7 40. Ra3 ({Much weaker is} 40. Rxd5 $6 Rxe3 41. Rd6 Rg3 $14) 40... Rd8 (40... Rd7 $16) 41. Rac3 b6 42. Rc7 Rxc7 (42... Re4 $16 43. Rb7 Rd6) 43. Rxc7 {[%mdl 4096] Endgame KRB-KRN} Rd6 44. Kc3 Bd7 45. Nc6 Bxc6 (45... Ke8 $16 46. Kd4 Bxc6 47. bxc6 h4) 46. bxc6 {[%cal Bb5c6,Bc6c7][%mdl 32] Kb4 is the strong threat. KR-KR} ({Not} 46. Rxc6 Rxc6+ 47. bxc6 Ke7 $11) 46... Kg7 $2 {[%mdl 8192]} (46... Ke8 $16 47. Kd4 h4) 47. Rc8 $18 Kf6 48. Kb4 d4 49. c7 Rc6 50. exd4 Ke7 {[#]} 51. Kb5 $1 {[%cal Rb5c6]} Kd7 52. Rd8+ {White mates.} Kxc7 {[#]} 53. Rc8+ $1 {[%mdl 512]} Kxc8 54. Kxc6 {Precision: White = 71%, Black = 50%.} 1-0

[Event "21st Dubai Open 2019"]
[Site "Dubai"]
[Date "2019.04.03"]
[Round "3.2"]
[White "Kuzubov, Yuriy"]
[Black "Sindarov, Javokhir"]
[Result "1-0"]
[WhiteElo "2653"]
[BlackElo "2495"]
[Annotator "TA"]
[PlyCount "91"]
[EventDate "2019.04.01"]
[EventType "swiss"]
[EventCountry "UAE"]
[SourceTitle "playchess.com"]
[Source "ChessBase"]
[SourceQuality "1"]

{[%evp 15,91,26,39,29,46,20,23,22,25,27,18,17,31,23,30,14,23,31,58,46,41,41,91,91,89,91,91,80,129,41,53,41,43,39,39,39,39,33,33,36,49,49,59,-23,2,-16,0,0,5,0,0,0,8,0,0,0,0,-10,0,0,405,452,550,531,531,0,519,506,1285,1243,1243,1229,1104,865,29988,29989,29995,29996]} 1. Nf3 Nf6 2. d4 g6 3. Nbd2 Bg7 4. e4 d6 5. Bd3 O-O 6. O-O Nbd7 7. Re1 e5 8. c3 c6 9. a4 {B07: Pirc Defence: Miscellaneous Systems} Qc7 10. Nc4 Re8 11. dxe5 {White has an edge.} Nxe5 12. Nfxe5 dxe5 13. Bg5 $146 ({Predecessor:} 13. Bf1 Bg4 14. Qd6 Qxd6 15. Nxd6 Re7 16. f3 Be6 17. Be3 {½-½ (64) Raedeker,B (2527)-Baer,H (2308) ICCF corr 1999}) 13... Bg4 14. Qc2 Be6 15. b4 Nd7 16. Red1 Nb6 17. Nd2 a5 18. Nb3 axb4 19. a5 Nd7 20. cxb4 Bf8 {[#]} 21. Qc3 $1 b6 22. Bc4 (22. a6 $16) 22... Bxc4 $14 23. Qxc4 bxa5 24. bxa5 Reb8 25. Be3 Rb4 26. Qc2 c5 27. Bd2 Rb5 28. Qc4 Qb7 29. Ra3 (29. Bc3 $14) 29... Nb8 30. Rda1 Ra6 31. Bc3 Nc6 32. Nd2 Nd4 33. R3a2 Bh6 34. Nf1 Bf4 35. h3 Rb3 36. Qxc5 Rc6 37. a6 {Black must now prevent Qd5.} Qxa6 $2 {[%mdl 8192] [#]} (37... Rxc5 $11 {and Black is okay.} 38. axb7 Rxb7) 38. Qe7 $1 $18 Qc4 39. Bxd4 exd4 40. Qe8+ Kg7 41. Ra8 Rb2 (41... Bb8 $142 42. Rxb8 Rxb8 43. Qxb8 Rc8 44. Qe5+ Kg8) 42. Qf8+ Kf6 43. Qh8+ Kg5 44. g3 Bc7 45. Qxh7 {[%csl Gg3][%cal Rh7h4]} Kf6 46. Re8 {Accuracy: White = 59%, Black = 43%.} 1-0

[Event "21st Dubai Open 2019"]
[Site "Dubai"]
[Date "2019.04.03"]
[Round "3.3"]
[White "Harsha Bharathakoti"]
[Black "Iturrizaga Bonelli, Eduardo"]
[Result "1/2-1/2"]
[WhiteElo "2497"]
[BlackElo "2633"]
[Annotator "TA"]
[PlyCount "120"]
[EventDate "2019.04.01"]
[EventType "swiss"]
[EventCountry "UAE"]
[SourceTitle "playchess.com"]
[Source "ChessBase"]
[SourceQuality "1"]

{[%evp 13,120,-7,0,0,0,0,-4,-18,-7,-6,-16,-28,-6,-4,0,0,0,-22,-17,-27,13,6,0,0,30,14,47,51,52,54,51,54,59,29,38,50,61,66,75,72,83,78,72,82,104,15,8,20,14,0,0,0,0,0,0,0,0,0,0,0,0,-12,0,-4,-8,-6,0,-4,-4,-59,-63,-60,-24,-26,0,0,0,0,0,0,0,0,0,0,0,-8,-8,-8,-8,-8,-8,-8,-8,-8,-8,-8,-8,-8,-8,-8,-8,-8,-8,-8,-7,-7,-7,-7,-7]} 1. d4 Nf6 2. c4 e6 3. Nc3 Bb4 4. g3 O-O 5. Bg2 d5 6. Nf3 dxc4 7. O-O Nc6 8. Qa4 {E20: Nimzo-Indian: 4 g3 and 4 f3} Nd5 9. Qc2 Be7 10. Rd1 Ncb4 11. Qd2 Nb6 (11... c5 12. dxc5 Nxc3 13. bxc3 Nc6 14. Qc2 Qa5 15. Ng5 Bxg5 16. Bxg5 Qxc5 {½-½ (44) Cheparinov,I (2709)-Gelfand,B (2673) St Petersburg 2018}) 12. a3 N4d5 13. e4 Nxc3 14. Qxc3 Bd7 15. Be3 $146 ({Predecessor:} 15. Ne5 Ba4 16. Rd2 Bb3 17. Bf1 Na4 18. Qe3 Nb6 19. Qc3 Na4 20. Qe3 Nb6 21. Qc3 Na4 22. Qe3 {½-½ (22) Spasov,S (2159)-Tudor,V (2162) ICCF email 2013}) 15... Ba4 16. Rdc1 Bb3 17. Nd2 Na4 18. Qa5 b6 $1 {[%cal Rb6a5]} 19. Qb5 a6 (19... Nxb2 $2 20. Nxb3 c6 21. Qa6 $18 (21. Qxc6 Rc8 $18)) (19... c6 $5 20. Qxc6 Rc8 $14) 20. Qc6 $1 b5 $1 (20... Nxb2 $2 21. Nxb3 cxb3 22. Rcb1 $18) 21. Nxb3 cxb3 22. Rab1 Nb6 23. Rc3 Nc4 24. e5 Rb8 25. Qxa6 c5 26. dxc5 {c6 is the strong threat.} Nxe3 27. fxe3 {Threatens to win with Qa7.} (27. Rxe3 $6 Bxc5 28. Re2 Qd3 $11) 27... Qc7 28. c6 Qxe5 29. Qa7 (29. c7 $16 Rbc8 30. Qb6 (30. Rxb3 Qxc7 31. Qxb5 Rb8 $11) 30... Bxa3 31. Bb7 Bxb2 32. Rc6 (32. Rxb3 Qxc7 33. Qxb5 Bf6 $16)) 29... b4 $1 $11 {[%cal Rb4c3]} 30. axb4 ({Reject} 30. Rxb3 Bc5 $15) 30... Bxb4 31. Rxb3 Bc5 32. Qa4 Rxb3 33. Qxb3 Rb8 34. Qd3 Bxe3+ 35. Kh1 Bb6 36. Rf1 h5 37. Qe4 Qxb2 38. Qf3 $132 {[%mdl 2048] White is not keeping still} Rf8 39. Qxh5 g6 40. Qh6 Bc7 41. Be4 (41. Qg5 $11) 41... Qe2 $15 {[%cal Re2f1] [#]} 42. Bg2 Rd8 43. Qh4 $1 Rd1 44. Qf6 {The position is equal.} Rxf1+ 45. Qxf1 Qc2 46. Bf3 Kg7 47. Qe2 Qc3 48. Kg2 e5 49. Bd5 f5 50. Qa2 e4 {[#] aiming for ...Qf3+.} 51. Qa7 $1 {[%cal Ra7c7]} Qe5 {White must now prevent ...e3.} 52. Kf1 Kf6 53. Bc4 f4 54. gxf4 $1 Qxf4+ 55. Qf2 g5 56. h4 gxh4 {Hoping for ...h3.} 57. Qxf4+ Bxf4 58. Kg2 Ke7 59. Kh3 Bg3 60. Bd5 e3 {Accuracy: White = 66%, Black = 80%.} 1/2-1/2

[Event "21st Dubai Open 2019"]
[Site "Dubai"]
[Date "2019.04.03"]
[Round "3.4"]
[White "Vokhidov, Shamsiddin"]
[Black "Yilmaz, Mustafa"]
[Result "1-0"]
[WhiteElo "2494"]
[BlackElo "2631"]
[Annotator "TA"]
[PlyCount "107"]
[EventDate "2019.04.01"]
[EventType "swiss"]
[EventCountry "UAE"]
[SourceTitle "playchess.com"]
[Source "ChessBase"]
[SourceQuality "1"]

{[%evp 9,107,11,31,12,21,0,0,0,0,0,0,0,-10,-30,0,0,19,0,0,-5,17,0,0,-10,-6,-10,0,0,0,-19,20,11,14,18,16,16,10,17,18,17,19,16,5,0,21,11,37,11,8,3,17,13,20,0,0,0,0,0,0,0,0,0,29,0,0,0,0,0,0,0,0,0,75,75,74,74,80,80,80,77,305,305,646,646,646,646,646,639,639,639,625,625,625,617,617,617,603,520,506,446]} 1. e4 c5 2. Nf3 d6 3. Bb5+ Nd7 4. a4 Ngf6 5. Nc3 a6 6. Bc4 {B51: Sicilian: Moscow Variation (3 Bb5+) without 3...Bd7} (6. Be2 b6 7. d4 cxd4 8. Qxd4 Bb7 9. O-O e5 10. Qe3 Be7 11. Nd2 O-O 12. Rd1 Qc7 13. Nc4 {1-0 (39) Giri,A (2783)-Salem,A (2660) St Petersburg 2018}) 6... Qa5 7. Ba2 e6 8. O-O {The position is equal.} b5 9. axb5 $146 ({Predecessor:} 9. d3 b4 10. Ne2 Be7 11. Bd2 Qc7 12. Ng3 a5 13. Bc4 {½-½ (56) Guimaraes,A (1939)-Alboredo,J (2212) Rio de Janeiro 2019}) 9... axb5 10. d3 Bb7 11. Be3 {With the idea Bxe6!} Qb6 (11... b4 $5 {[%cal Rb4c3]} 12. Ne2 Qb6 $11) 12. b4 Ng4 13. bxc5 dxc5 14. Bf4 b4 15. Ne2 Bd6 16. Nd2 {[#] Threatens to win with Nc4.} Qc7 17. Bxd6 Qxd6 {[%csl Gg4][%cal Rd6h2]} 18. Ng3 Qf4 19. Qe2 h5 {And now ...h4 would win.} 20. h3 h4 21. Qxg4 Qxg4 22. hxg4 {Ne2 is the strong threat.} hxg3 23. fxg3 Ke7 24. Bb3 Bc6 25. Nf3 Bb5 26. Kf2 Nb6 27. Nd2 Rhc8 28. Ke3 g5 29. Rh1 Nd7 30. Rxa8 Rxa8 31. Nf3 f6 32. e5 Nxe5 33. Nxe5 fxe5 $11 {[%mdl 4096] Endgame KRB-KRB} 34. Rh6 Bd7 35. Rg6 Rh8 36. Rg7+ Kd6 37. Rxg5 Rh2 38. Kf2 {Strongly threatening Rh5.} Bc6 39. Rg6 Rxg2+ 40. Kf1 Rxg3 (40... Kd7 $11) 41. Rxe6+ $16 Kc7 {next ...e4 is good for Black.} 42. Rxe5 Rxg4 43. Rxc5 Kb6 44. Rf5 Rg2 $2 (44... Rh4 $16) 45. Rf6 $18 Rh2 $2 {[#]} (45... Rg3 46. Bd5 Kc5) 46. Ba4 $1 {White is clearly winning.} Ka5 47. Bxc6 Rxc2 {KRB-KR} 48. Rf5+ Kb6 49. Ba4 Rd2 50. Rd5 Kc7 51. Ke1 Ra2 52. Bb3 Rb2 53. Bc4 Kc6 54. Rb5 {Accuracy: White = 57%, Black = 38%.} 1-0

[Event "21st Dubai Open 2019"]
[Site "Dubai"]
[Date "2019.04.03"]
[Round "3.5"]
[White "Sadhwani, Raunak"]
[Black "Sethuraman, S.P."]
[Result "1/2-1/2"]
[WhiteElo "2475"]
[BlackElo "2624"]
[Annotator "TA"]
[PlyCount "68"]
[EventDate "2019.04.01"]
[EventType "swiss"]
[EventCountry "UAE"]
[SourceTitle "playchess.com"]
[Source "ChessBase"]
[SourceQuality "1"]

{[%evp 9,68,-14,-15,-21,-6,-17,0,-30,-37,-44,-48,-55,-44,-39,-36,-47,-37,-52,-53,-45,-45,-37,-46,-48,-42,-56,-36,-44,-39,-38,-38,-52,-57,-46,-20,-47,0,0,0,0,0,-41,0,0,12,0,0,-29,-30,-31,0,0,31,32,33,29,31,23,23,27,27]} 1. d4 d5 2. Nc3 Nf6 3. Bf4 a6 4. Nf3 e6 5. e3 c5 6. dxc5 {D00: 1 d4 d5: Unusual lines} (6. Bd3 cxd4 7. exd4 Nc6 8. O-O Be7 9. Ne2 Nb4 10. c3 Nxd3 11. Qxd3 O-O 12. Ne5 {½-½ (39) Mamedyarov,S (2801)-Giri,A (2782) chess.com INT 2018}) 6... Bxc5 7. Bd3 b5 8. Ne5 {The position is equal.} Bb7 9. Qf3 Nbd7 $146 ({Predecessor:} 9... Nc6 10. Nxc6 Bxc6 11. Be5 Bd6 12. Bxd6 Qxd6 {1-0 (63) Colovic,D (2321)-Dimitrijevic,N (2197) Novi Sad 2018}) 10. O-O-O Nxe5 (10... Be7 {feels hotter.} 11. Ne2 Rc8 12. Nd4 O-O 13. Qh3 Nc5) 11. Bxe5 Bd6 12. Bxd6 Qxd6 13. Qg3 Qxg3 14. hxg3 Ke7 15. f3 h5 16. Ne2 g6 17. c3 Nd7 18. Nd4 Rac8 19. Kd2 Nb6 20. b3 e5 21. Nc2 Rhd8 22. f4 exf4 23. gxf4 Nc4+ 24. Kc1 Nd6 25. Kd2 d4 (25... Rc5 $15) 26. exd4 $11 Bxg2 27. Rh2 Be4 28. Ne3 f5 29. c4 bxc4 (29... Kf6 {looks sharper.} 30. c5 Nb7 31. Bxe4 Rxd4+ 32. Bd3 Nxc5 33. Ke2 Rcd8) 30. bxc4 {[#]} Nxc4+ $1 {[%mdl 512]} 31. Nxc4 (31. Bxc4 Rxd4+) 31... Rxc4 32. Bxc4 Rxd4+ {[%mdl 64] Double Attack} 33. Ke1 Rxc4 34. Rhd2 Bc6 {Accuracy: White = 59%, Black = 48%.} 1/2-1/2

[Event "21st Dubai Open 2019"]
[Site "Dubai"]
[Date "2019.04.03"]
[Round "3.6"]
[White "Aditya Mittal"]
[Black "Indjic, Aleksandar"]
[Result "0-1"]
[WhiteElo "2457"]
[BlackElo "2592"]
[Annotator "TA"]
[PlyCount "144"]
[EventDate "2019.04.01"]
[EventType "swiss"]
[EventCountry "UAE"]
[SourceTitle "playchess.com"]
[Source "ChessBase"]
[SourceQuality "1"]

{[%evp 12,144,15,14,35,24,13,12,38,-8,-10,-13,0,-12,0,-27,0,-6,7,-20,0,0,0,0,14,18,13,12,12,-15,-7,-20,10,3,27,21,33,2,70,0,0,0,0,0,0,0,18,17,25,10,29,13,37,26,36,27,64,57,52,60,60,68,53,50,65,56,67,47,84,42,109,93,103,89,76,8,41,5,23,0,0,0,0,0,103,0,29,0,8,8,8,0,0,0,0,0,0,0,0,0,0,0,0,0,0,0,0,0,0,0,0,0,0,0,0,0,0,-29975,0,-29975,-29977,-29977,-29978,-29978,-29979,-29979,-29980,-29980,-29981,-29980,-29982,-29982,-29983,-29983,-29984]} 1. d4 Nf6 2. c4 e6 3. Nc3 Bb4 4. e3 b6 5. Bd3 Bb7 6. Nf3 O-O 7. O-O Qe7 {E43: Nimzo-Indian: Rubinstein: 4...b6} (7... d5 8. cxd5 exd5 9. Ne5 c5 10. Bd2 Nc6 11. a3 Bxc3 12. Bxc3 Nxe5 13. dxe5 Ne4 14. f4 Nxc3 15. bxc3 g6 16. Qg4 Qe7 17. h4 Bc8 18. Qg3 Kh8 {½-½ (92) Inarkiev,E (2690)-Jakovenko,D (2748) Satka 2018}) 8. Re1 Bxc3 9. bxc3 Ne4 $146 {The position is equal.} ({Predecessor:} 9... Be4 10. Bf1 Bb7 11. Nd2 e5 12. c5 Nc6 13. Ba3 {1-0 (38) Grabner,H (2326)-Mueller,S (1983) ICCF email 2015}) 10. Bxe4 Bxe4 11. Nd2 Bb7 12. e4 Nc6 13. a4 Na5 14. c5 d6 15. Ba3 Rfd8 {[%cal Rd6c5]} 16. cxd6 cxd6 17. Re3 e5 18. Bb4 Rac8 19. Bxa5 bxa5 20. Nb3 Qc7 21. c4 Ba6 22. Rc1 Qb6 23. Rec3 Qb4 24. d5 (24. Qc2 $5 {[%cal Rd4d5]}) 24... Qxa4 (24... Rxc4 $11 25. Rxc4 Bxc4 26. Nxa5 Qxa5 27. Rxc4 Rf8) 25. c5 (25. Qc2 $14) 25... dxc5 $11 26. Nxc5 Qxd1+ 27. Rxd1 Bb5 28. Ra1 a4 29. f3 a6 30. Kf2 Kf8 31. Nxa4 Ke7 32. Ke3 Kd6 33. Kd2 (33. h4 {feels hotter.} h5 34. Ra2 Ke7 35. f4 f6 36. g3) 33... Rxc3 34. Nxc3 {[%mdl 4096] Endgame KRB-KRN} Bc4 35. Rb1 Kc7 36. Rc1 Kd6 37. Nb1 Bb5 38. Na3 Rb8 39. g3 Rb6 40. h4 Kd7 (40... a5 $14) 41. Rb1 Kc7 42. Nxb5+ axb5 $16 {KR-KR} 43. Kc3 ({White should play} 43. Rc1+ $16 Kd6 44. Kc3) 43... Rg6 44. Rg1 Ra6 45. Kb4 Kb6 46. Rc1 Ra4+ 47. Kb3 Rd4 (47... h5 $11) 48. Rc8 ({White must play} 48. Rc6+ $16 Ka5 49. Kc3) 48... f5 49. Rc6+ Ka5 50. exf5 {With the idea Kc2.} Rxd5 51. Rc7 Rd3+ {[%mdl 64] [#] Double Attack} 52. Kc2 Rxf3 53. Rxg7 h5 54. Rg5 b4 55. Rxh5 b3+ 56. Kb2 Kb4 {( -> ...Rf2+)} 57. Rh8 Rf2+ 58. Kb1 Rxf5 {Hoping for ...e4.} 59. Rb8+ Kc3 {[%cal Rf5f1]} (59... Ka3 $5 60. Ra8+ $8 Kb4 $11) 60. Rc8+ Kd3 61. Kb2 e4 {aiming for ...e3.} 62. Rd8+ Ke2 {...e3 is the strong threat.} 63. g4 Rf4 {White must now prevent ...e3.} 64. Rg8 $2 {[%mdl 8192] [#]} (64. h5 $11 Rxg4 65. h6) 64... Kf1 $2 (64... e3 {mates} 65. Re8 Kf2 66. h5 e2 67. h6 e1=Q 68. Rxe1 Kxe1 69. h7 Rf2+ 70. Kxb3 Rh2 71. Kc4 Rxh7 72. Kd5 Rg7 73. Ke4 Rxg4+ 74. Kf5 Rh4 75. Ke6 Ke2 76. Kd5 Ke3 77. Kd6 Kd4 78. Ke6 Rf4 79. Kd6 Re4 80. Kc6 Re6+ 81. Kd7 Kd5 82. Kc7 Kc5 83. Kd7 Re1 84. Kc7 Re7+ 85. Kd8 Kd6 86. Kc8 Kc6 87. Kb8 Re8+ 88. Ka7 Rf8 89. Ka6 Ra8#) 65. h5 $2 {[%mdl 8192]} (65. Re8 $11) 65... e3 {Black mates.} 66. h6 e2 67. Re8 e1=Q 68. Rxe1+ Kxe1 69. h7 Rf2+ 70. Kxb3 Rh2 71. Kc4 Rxh7 72. Kd5 Rg7 {Accuracy: White = 51%, Black = 55%.} 0-1

[Event "21st Dubai Open 2019"]
[Site "Dubai"]
[Date "2019.04.03"]
[Round "3.7"]
[White "Abdusattorov, Nodirbek"]
[Black "Divya Deshmukh"]
[Result "1-0"]
[WhiteElo "2578"]
[BlackElo "2432"]
[Annotator "TA"]
[PlyCount "91"]
[EventDate "2019.04.01"]
[EventType "swiss"]
[EventCountry "UAE"]
[SourceTitle "playchess.com"]
[Source "ChessBase"]
[SourceQuality "1"]

{[%evp 9,91,8,34,41,37,33,39,33,35,20,28,23,82,92,85,87,81,58,75,62,99,88,119,116,123,123,123,123,123,123,127,118,114,71,204,179,197,160,152,104,97,39,185,192,163,102,251,293,295,253,381,347,348,351,546,544,502,513,679,504,483,494,505,311,451,490,783,779,1894,1235,1869,0,0,0,0,0,0,0,2332,2177,2258,2197,29998,29999]} 1. c4 b6 2. Nc3 Bb7 3. e4 e5 4. Nf3 Nc6 5. g3 (5. d3 Bc5 6. Be2 Nge7 7. a3 a5 8. Rb1 d6 9. O-O O-O 10. Nd5 Nd4 11. b4 axb4 12. axb4 Nxf3+ 13. Bxf3 {½-½ (93) Rakhmanov,A (2629)-Predke,A (2622) St Petersburg 2018}) 5... g6 6. Bg2 {A10: English Opening: Unusual Replies for Black} Bg7 7. d3 Nge7 8. h4 $146 {White is slightly better.} ({Predecessor:} 8. Nd5 Nxd5 9. cxd5 Nd4 10. Nxd4 exd4 11. h4 O-O 12. h5 Qe7 {1-0 (55) Borgo,G (2397)-Seyb,D (2179) Ortisei 2018}) 8... h6 9. Nd5 Nxd5 10. cxd5 Nd4 (10... Ne7 $11) 11. Nxd4 $16 exd4 12. O-O O-O 13. h5 c6 14. Qg4 Kh7 15. d6 Qe8 16. f4 f5 17. hxg6+ Qxg6 18. Qxg6+ Kxg6 19. e5 Ba6 20. a4 h5 21. b4 {Hoping for b5!} Rac8 (21... Bxd3 $16 {is a better defense.} 22. Rd1 Be4) 22. Ra3 $18 Rh8 23. Bf3 Rb8 24. Bb2 c5 25. Rc1 (25. Kg2 $16) 25... Bh6 ({Better is} 25... h4 $1 $14) 26. Kf2 (26. bxc5 $6 bxc5 27. Ba1 h4 $11) 26... h4 {[#]} 27. Rg1 ({Don't do} 27. bxc5 $6 bxc5 28. Ba1 Rhc8 $14) (27. Rb3 $1 $18) 27... Kf7 (27... h3 $16) 28. Bd5+ Kf8 29. Kf3 Bb7 (29... h3 {might work better.} 30. Rb3 Kg7) 30. Bxb7 Rxb7 31. Rb3 ({Not} 31. gxh4 a5 $18) 31... hxg3 (31... cxb4 $142 32. Rxb4 h3) 32. bxc5 Kf7 33. Bxd4 Ke6 34. Rxg3 Bxf4 35. Rg7 ({Less strong is} 35. Kxf4 Rh4+ 36. Kf3 Rxd4 $18) 35... Bh6 36. Re7+ Kd5 37. e6 Kxd4 (37... Rhb8 $142 38. Bf6 Kc6 39. cxb6 axb6) 38. c6 Rbb8 39. exd7 Rbg8 {[#]} 40. c7 $2 ({White has to play} 40. Re8 $1 $18 {[%mdl 512]}) 40... Bd2 $1 $11 41. Rb4+ Bxb4 {[#]} 42. Rh7 $1 {[%mdl 512]} Rxh7 43. d8=Q Rg6 $2 {[%mdl 8192]} (43... Rh3+ $11 44. Kf2 Rh2+ 45. Kf3 Rh3+ 46. Kf4 Rhh8 47. Qf6+ {[%mdl 64] Double Attack} Kd5 48. Qe5+ Kc6 49. Qb5+ {[%mdl 64] Double Attack} Kxd6 50. Qxb4+ Kd7 51. Qd4+ Kxc7 52. Qe5+ Kc8) 44. c8=Q $18 {Intending Qc4+ and mate.} Rh3+ 45. Kf4 {[%csl Gd3][%cal Rc8c4]} Bxd6+ {[#]} 46. Qxd6+ $1 {[%mdl 512] Accuracy: White = 73%, Black = 34%.} 1-0

[Event "21st Dubai Open 2019"]
[Site "Dubai"]
[Date "2019.04.03"]
[Round "3.8"]
[White "Darini, Pouria"]
[Black "Pichot, Alan"]
[Result "0-1"]
[WhiteElo "2455"]
[BlackElo "2566"]
[Annotator "TA"]
[PlyCount "68"]
[EventDate "2019.04.01"]
[EventType "swiss"]
[EventCountry "UAE"]
[SourceTitle "playchess.com"]
[Source "ChessBase"]
[SourceQuality "1"]

{[%evp 19,68,16,16,-47,-46,-45,-42,-52,-52,-72,-60,-75,-72,-80,-87,-85,-79,-116,-110,-154,-161,-173,-182,-177,-148,-145,-111,-260,-234,-245,-257,-239,-241,-242,-241,-328,-231,-285,-250,-266,-258,-248,-254,-256,-175,-498,-493,-447,-425,-493,-562]} 1. e4 c5 2. Nf3 Nc6 3. Bb5 g6 4. O-O Bg7 5. Nc3 e5 6. a3 {B31: Sicilian: 2...Nc6 3 Bb5 g6} Nge7 7. b4 d6 8. bxc5 dxc5 9. d3 O-O 10. Bc4 Nd4 {LiveBook: 3 Games} 11. Be3 $146 (11. Bg5 $11) ({Predecessor:} 11. h3 Be6 12. Nd2 Qd7 13. a4 b6 14. Bxe6 Qxe6 {½-½ (32) Wei,Y (2737)-Yu,Y (2734) Shenzhen 2015}) 11... Bg4 $15 12. Bxd4 cxd4 13. Nd5 Rc8 14. Rb1 b6 15. Nxe7+ Qxe7 16. h3 Bd7 17. Qd2 Rc5 18. Qb4 Qf6 19. Nd2 Bh6 20. Nb3 Rc7 21. Nc1 Be6 22. Bxe6 fxe6 23. Qb3 {[#]} (23. Ne2 $17) 23... Be3 $1 $19 {[%mdl 512]} 24. Ne2 (24. fxe3 Qxf1+) 24... Bxf2+ 25. Kh1 Rcf7 26. Ng1 {[#]} g5 $1 {[%cal Bg6g5,Bg5g4][%mdl 32]} 27. Rbd1 h5 28. c3 g4 29. cxd4 exd4 30. Rxf2 Qxf2 31. Qxe6 Qg3 32. Rf1 $2 (32. Qd5) 32... Kg7 {Black is clearly winning.} 33. Rf5 {Threatening mate with Rg5+.} gxh3 34. Nxh3 {Hoping for Rg5+.} Qe1+ {Accuracy: White = 37%, Black = 80%.} 0-1

[Event "21st Dubai Open 2019"]
[Site "Dubai"]
[Date "2019.04.03"]
[Round "3.9"]
[White "Santos Ruiz, Miguel"]
[Black "Laxman, R.R."]
[Result "1-0"]
[WhiteElo "2555"]
[BlackElo "2428"]
[Annotator "TA"]
[PlyCount "113"]
[EventDate "2019.04.01"]
[EventType "swiss"]
[EventCountry "UAE"]
[SourceTitle "playchess.com"]
[Source "ChessBase"]
[SourceQuality "1"]

{[%evp 9,113,31,43,34,38,25,34,28,61,39,50,30,100,119,121,110,109,117,111,107,158,114,114,106,168,154,153,148,156,160,155,144,155,146,162,157,155,162,198,199,205,196,193,206,201,201,196,195,188,206,191,0,184,0,198,185,197,187,204,199,206,196,286,277,282,293,311,308,335,335,331,320,314,287,372,296,283,280,280,266,278,223,328,340,333,336,389,389,466,476,603,582,729,662,1167,1162,1138,1135,1068,984,29984,1459,29982,1429,1369,1363]} 1. c4 e5 2. g3 Nc6 3. Bg2 d6 4. Nc3 Be6 5. Nf3 (5. d3 Qd7 6. f4 g6 7. fxe5 dxe5 8. Be3 Rd8 9. Nf3 h6 10. O-O Bg7 11. Nd2 f5 12. Qa4 Nge7 13. Nb3 b6 {0-1 (47) Adly,A (2637)-Short,N (2678) Riadh 2017}) 5... Qd7 6. d4 {[#] d5 is the strong threat. A25: English Opening vs King's Indian with ...Nc6 but without early d3} Bxc4 7. O-O $146 ({Predecessor:} 7. d5 Nd8 8. h4 Ne7 9. Bh3 f5 10. e4 g6 11. h5 Bg7 12. h6 Bf6 13. exf5 gxf5 {0-1 (31) Heikkila,A (2071)-Marzano,C (2230) Trieste 2007}) 7... Nf6 8. Bg5 {White is slightly better.} Be7 9. dxe5 dxe5 10. Qa4 Ba6 (10... Nb4 $1 $11) 11. Rfd1 $16 Qg4 12. Qxg4 Nxg4 {[#]} 13. Bxe7 $1 Nxe7 14. h3 Nh6 (14... Nf6 $142) 15. Nxe5 Rd8 16. b4 $36 {[%mdl 2048] Strongly threatening b5. White has strong initiative.} f6 (16... c6 $16) 17. b5 $18 fxe5 18. bxa6 bxa6 19. Rxd8+ Kxd8 20. Rb1 Kd7 21. Na4 Nhf5 22. Nc5+ Kd6 23. Nxa6 Nd4 24. e3 Ne2+ 25. Kf1 Nc3 26. Rc1 Ncd5 27. Rd1 Ke6 28. Nc5+ Kd6 29. Ne4+ Ke6 30. Nc5+ Kd6 31. Ne4+ Ke6 $1 32. Ng5+ Kf6 33. Bxd5 Kxg5 {[%mdl 4096] Endgame KRB-KRN} 34. Be4 Kf6 35. Rd7 Rb8 (35... Rc8 {is a better defense.} 36. Bb7 (36. Bxh7 g6 $11) 36... Rb8) 36. Rxc7 Rb4 37. Bc2 (37. Bxh7 $6 g6 $18) 37... a5 38. Ra7 (38. Bxh7 g6 $16) 38... Rc4 39. Bb3 (39. Bxh7 $6 g6 $18) 39... Rc1+ 40. Ke2 Nc6 41. Ra6 Kf5 42. Bd5 Nb4 43. e4+ (43. Rxa5 $6 Nxd5 44. Rxd5 Ke6 $18) 43... Kg5 44. h4+ ({Don't take} 44. Rxa5 Rc2+ 45. Kf3 Rc3+ 46. Kg2 Nxd5 $18) 44... Kh5 45. Bf7+ Kg4 (45... g6 $142 46. Rxa5 Nc6) 46. Be6+ ({Weaker is} 46. Rxa5 Rc2+ 47. Kd1 (47. Kf1 Nd3 $11) 47... Rxf2 $14) 46... Kh5 47. Rxa5 Nc6 48. Kd2 Rf1 49. Rc5 Nd4 50. Rxe5+ Kg6 {Now ...Kf6 and Black clings on.} 51. Bc4 {Threatens to win with Rg5+.} Rb1 {If only Black now had time for ...Nf3+....} 52. Kc3 Nf3 53. Re6+ Kh5 54. Be2 {[%cal Re2f3]} g5 55. Bxf3+ g4 56. Re5+ (56. Be2 $142 Re1 57. Bb5 Rc1+ 58. Kd2 Rc8 59. Be8+ Rxe8 60. Rxe8 Kg6 61. Rf8) 56... Kh6 57. Bxg4 {Accuracy: White = 85%, Black = 47%.} 1-0